Talkin' about Bessie : (Record no. 3180)

MARC details
000 -LEADER
fixed length control field 01129cam a22003134a 4500
005 - DATE AND TIME OF LATEST TRANSACTION
control field 20240215155010.0
020 ## - INTERNATIONAL STANDARD BOOK NUMBER
International Standard Book Number 9780439598712
040 ## - CATALOGING SOURCE
Original cataloging agency DLC
Transcribing agency DLC
Modifying agency DLC
Language of cataloging eng
050 00 - LIBRARY OF CONGRESS CALL NUMBER
Classification number TL540.C546
Item number 2002
082 00 - DEWEY DECIMAL CLASSIFICATION NUMBER
Classification number 629.13092
100 1# - MAIN ENTRY--PERSONAL NAME
Personal name Grimes, Nikki
245 10 - TITLE STATEMENT
Title Talkin' about Bessie :
Remainder of title the story of aviator Elizabeth Coleman /
Statement of responsibility, etc. by Grmes, Nikki ; illustrated by Lewis, E.B.
250 ## - EDITION STATEMENT
Edition statement First Scholastic paperback printing , September 2003
260 ## - PUBLICATION, DISTRIBUTION, ETC.
Place of publication, distribution, etc. New York :
Name of publisher, distributor, etc. Scholastic,
Date of publication, distribution, etc. 2002
300 ## - PHYSICAL DESCRIPTION
Extent 45 unnumbered pages :
Other physical details color illustrations ;
Dimensions 32 cm.
505 ## - FORMATTED CONTENTS NOTE
Formatted contents note Z <br/>
520 ## - SUMMARY, ETC.
Summary, etc. A biography of the woman who became the first licensed Afro-American pilot.
521 ## - TARGET AUDIENCE NOTE
Target audience note 1030 <br/>
Source Lexile <br/>
521 ## - TARGET AUDIENCE NOTE
Target audience note Z <br/>
Source Raz-Plus <br/>
650 #0 - SUBJECT ADDED ENTRY--TOPICAL TERM
Topical term or geographic name entry element African American women air pilots
Form subdivision Anecdotes
-- Juvenile literature.
650 #0 - SUBJECT ADDED ENTRY--TOPICAL TERM
Topical term or geographic name entry element Air pilots
Geographic subdivision United States
Form subdivision Anecdotes
-- Juvenile literature.
650 #1 - SUBJECT ADDED ENTRY--TOPICAL TERM
Topical term or geographic name entry element Air pilots.
650 #1 - SUBJECT ADDED ENTRY--TOPICAL TERM
Topical term or geographic name entry element African Americans
Form subdivision Biography.
650 #1 - SUBJECT ADDED ENTRY--TOPICAL TERM
Topical term or geographic name entry element Women
Form subdivision Biography.
700 1# - ADDED ENTRY--PERSONAL NAME
Personal name Lewis, Earl B
906 ## - LOCAL DATA ELEMENT F, LDF (RLIN)
a 7
b cbc
c orignew
d 1
e ocip
f 19
g y-gencatlg
942 ## - ADDED ENTRY ELEMENTS (KOHA)
Source of classification or shelving scheme Dewey Decimal Classification
Koha item type Books
Suppress in OPAC No
999 ## -
-- 3180
-- 3180
Holdings
Withdrawn status Lost status Source of classification or shelving scheme Damaged status Not for loan Collection Home library Current library Shelving location Date acquired Total Checkouts Full call number Barcode Date last seen Price effective from Koha item type
    Dewey Decimal Classification     Non-Fiction Footprints International School Library Network Toul Kork Campus Footprints International School Library Network Toul Kork Campus TTP Secondary Non-Fiction Bookshelves 02/15/2024   GRI 629.13092 TL540.C546 FISTK00141 02/15/2024 02/15/2024 Books